Introducción a la botánica
Saved in:
| Main Author: | |
|---|---|
| Format: | Book |
| Language: | Spanish |
| Published: |
Ciudad de México
Compañía Editorial Continental
1969
|
| Subjects: | |
| Tags: |
Add Tag
No Tags, Be the first to tag this record!
|
MARC
| LEADER | 00000nam a2200000 a 4500 | ||
|---|---|---|---|
| 001 | UCZ2529 | ||
| 003 | CL-VaPUC | ||
| 008 | 951005e19690000MX |||||||||||||||||spa|d | ||
| 082 | 0 | 4 | |a 581 |b CRO |2 21 |
| 100 | 0 | |a Cronquist, Arthur |e author |9 346315 | |
| 245 | 1 | 0 | |a Introducción a la botánica |
| 300 | |a 800 p | ||
| 942 | |c BK | ||
| 945 | |d 19951005 00:00:00 |a awong | ||
| 260 | |a Ciudad de México |b Compañía Editorial Continental |c 1969 | ||
| 650 | 0 | |a Botánica |9 264202 | |
| 650 | 0 | |a Fotosíntesis |9 261610 | |
| 650 | 0 | |a Algas (algae) |9 261246 | |
| 650 | 0 | |a Anatomía vegetal |9 269541 | |
| 650 | 0 | |a Fisiología vegetal |9 260158 | |
| 650 | 7 | |a INVESTIGACION BOTANICA |2 CL-VaPUC |9 346316 | |
| 650 | 0 | |a Angiospermas |9 269542 | |
| 583 | |a last modification |c 19951005 00:00:00 |k Rodrigo Vera | ||
| 999 | |c 239110 |d 239108 | ||